000 00831nam a2200301Ia 4500
001 17732
003 IT-RoPAU
008 130308s9999 xx 000 0 und d
040 _aIT-RoPAU
040 _cIT-RoPAU
041 _aFRANCESE
100 _aFodor Jerry
100 _gCodice Aut. SPICS: 11425
245 _aFixation de croyances et acquisition de concepts
245 _bTheories Du Langage-Theories de L'Apprentissage
250 _a1a ed.
260 _aPARIS
260 _bSeuil
260 _c1982 [1° Ed.:1982 - Ed.Ling.Originale:1975]
300 _a"7 p. (prefazione: no ; testo: 7 [pagine: 219-225])"
500 _aFissaggio delle Credenze e Acquisizione dei Concetti
650 _aSEMIOLOGIA
650 _eCodice materia Spics: 3251
942 _cBK
957 _71
999 _c40757
_d40757
999 _bSI
999 _g1